LEADER 01303nam a2200325 u 4500 001 000000047933 003 CaOOAMICUS 005 20070226114936.0 008 000314s1999 it u000 u ita u 020 $a8870943666 035 $a10843575 040 $aPUL$bita 100 1 $aMondin, Battista,$cS.X.,$d1926-2015.$0(OLS)http://pul/name/421 245 10$aLogica, semantica, gnoseologia /$cBattista Mondin. 260 $aBologna :$bEd. Studio Domenicano,$c1999. 300 $a315 p. ;$c22 cm 490 1 $aManuale di filosofia sistematica ;$v1 500 $aContiene indici. 504 $aBibliografia in nota. 650 4$aLogica.$0(OLS)http://pul/subject/441 650 4$aGnoseologia.$0(OLS)http://pul/subject/1860 650 4$aSemantica (filosofia).$0(OLS)http://pul/subject/20224 830 0$aManuale di filosofia sistematica ;$v1.$0(OLS)http://pul/title/64517 850 $aPUL 852 $aPUL$W1$xSL Filosofia 1$y2$m84 L 108$j63965$nBK-PRI$b $qStampati$B63965$CPULBib$Z2$F63965 $H $81 941 1 $a8 961 $aINV: 81310 996 $6020$a8870943666$9(OLS)http://pul/number/60053 996 $6245$aLogica, semantica, gnoseologia$9(OLS)http://pul/title/64528 996 $6260$aBologna :$bEd. Studio Domenicano$9(OLS)http://pul/publisher/52107 LEADER 01186naa a2200265 a 4500 001 000000124644 003 CaOOAMICUS 005 20110310111159.0 008 110310s2010 gw a u000 u ger r 020 $a978-3-451-30400-2 (v. 1-14) 040 $aPUL$bita 082 04$a270 245 04$aDas Zeitalter der Vernunft (1620/30-1750) /$chrsg. von Marc Venard ; deutsche Ausgabe bearb.von: Albert Boesten-Stengel. 250 $aSonderausgabe. 260 $aFreiburg im Breisgau :$bHerder & Co.,$c2010. 300 $aXVI, 1183 p. :$bill. ;$c24 cm. 650 4$aChiesa$xStoria$xStudi.$0(OLS)http://pul/subject/28557 700 1 $aVénard, Marc,$d1929-$0(OLS)http://pul/name/35337 700 1 $aBoesten-Stengel, Albert.$0(OLS)http://pul/name/78717 774 0 $tGeschichte des Christentums.$bSonderausgabe.$dFreiburg im Breisgau : Herder & Co., 2010.$w()124629 996 $6020$a978-3-451-30400-2 (v. 1-14)$9(OLS)http://pul/number/146636 996 $6082$a270$9(OLS)http://pul/classification/472 996 $6245$aDas Zeitalter der Vernunft (1620/30-1750)$9(OLS)http://pul/title/157119 996 $6260$aFreiburg im Breisgau :$bHerder & Co.$9(OLS)http://pul/publisher/51627